书目信息 |
| 题名: |
UFO:神秘的外星人与飞碟之谜
|
|
| 作者: | 谷峰 编著 | |
| 分册: | ||
| 出版信息: | 北京 时事出版社 2016 |
|
| 页数: | 276页 | |
| 开本: | 24cm | |
| 丛书名: | ||
| 单 册: | ||
| 中图分类: | V11 , Q693 | |
| 科图分类: | ||
| 主题词: | 飞盘--研究 , 地外生命--研究 | |
| 电子资源: | ||
| ISBN: | 978-7-80232-771-9 | |
| 000 | 00837nam0 2200253 450 | |
| 001 | 3300 | |
| 005 | 20160926093217.65 | |
| 010 | @a978-7-80232-771-9@b平装@dCNY32.00 | |
| 100 | @a20160601d2016 em y0chiy0110 ea | |
| 101 | 0 | @achi |
| 102 | @aCN@b110000 | |
| 105 | @ay z 000yy | |
| 200 | 1 | @aUFO:神秘的外星人与飞碟之谜@9UFO:shen mi de wai xing ren yu fei die zhi mi@f谷峰编著 |
| 210 | @a北京@c时事出版社@d2016 | |
| 215 | @a276页@d24cm | |
| 300 | @a畅销探秘版 | |
| 330 | @a本书针对读者最关心的UFO与外星人问题,根据国内外众多权威媒体报道,汇集了诸多著名的不明飞行物目击报告,以此启发读者:宇宙无穷尽,我们人类是孤独的存在吗。 | |
| 606 | 0 | @a飞盘@x研究 |
| 606 | 0 | @a地外生命@x研究 |
| 690 | @aV11@v5 | |
| 690 | @aQ693@v5 | |
| 701 | 0 | @a谷峰@9gu feng@4编著 |
| 801 | 0 | @aCN@b唐山师范学院图书馆@c20151001 |
| 905 | @aZUCC@dV11@e43 | |
| UFO:神秘的外星人与飞碟之谜/谷峰编著.-北京:时事出版社,2016 |
| 276页;24cm |
| 畅销探秘版 |
| ISBN 978-7-80232-771-9(平装):CNY32.00 |
| 本书针对读者最关心的UFO与外星人问题,根据国内外众多权威媒体报道,汇集了诸多著名的不明飞行物目击报告,以此启发读者:宇宙无穷尽,我们人类是孤独的存在吗。 |
| ● |
| 相关链接 |
|
|
|
|
正题名:UFO:神秘的外星人与飞碟之谜
索取号:V11/43
 
预约/预借
| 序号 | 登录号 | 条形码 | 馆藏地/架位号 | 状态 | 备注 |
| 1 | 904598 | 209045987 | 第二样本阅览室/ [索取号:V11/43] | 在馆 | |
| 2 | 904599 | 209045996 | 第三借阅区/ [索取号:V11/43] | 在馆 | |
| 3 | 904600 | 209046003 | 第三借阅区/ [索取号:V11/43] | 在馆 | |
| 4 | 904601 | 209046012 | 第三借阅区/ [索取号:V11/43] | 在馆 | |
| 5 | 904602 | 209046021 | 第三借阅区/ [索取号:V11/43] | 在馆 |